| 000 | 00452nam a2200181Ia 4500 | ||
|---|---|---|---|
| 005 | 20250603145714.0 | ||
| 008 | 250603s9999 xx 000 0 und d | ||
| 020 | _a9789386150813 | ||
| 050 | _aRC 457 .A37/ | ||
| 100 | _aAgrawal, Prashant | ||
| 245 | 0 | _aSelf assessment and review of psychiatry | |
| 260 | _aNew Delhi | ||
| 260 | _bJaypee brothers medical publishers | ||
| 260 | _c2017 | ||
| 300 | _a208 p | ||
| 650 | _aNew Delhi | ||
| 942 | _cBK | ||
| 999 |
_c42615 _d42615 |
||